La bella y la bestia / (Registro nro. 10644)
[ vista simple ]
| 000 -CABECERA | |
|---|---|
| Longitud fija campo de control | 01513nam a2200217 4500 |
| 003 - • IDENTIFICADOR DELl NÚMERO DE CONTROL | |
| Identificador del número de control | CO-ViMGA |
| 020 ## - • NÚMERO INTERNACIONAL NORMALIZADO PARA LIBROS | |
| Número Internacional Normalizado para Libros (ISBN) | 9789585419070 |
| 040 ## - FUENTE DE LA CATALOGACIÓN | |
| Centro catalogador de origen | CO-ViMGA |
| Lengua de catalogación | spa |
| Centro transcriptor | CO-ViMGA |
| 100 1# - • PUNTO DE ACCESO PRINCIPAL-NOMBRE DE PERSONA | |
| Nombre de persona | Leprince de Beaumont, Jeanne-Marie |
| Fechas asociadas al nombre | 1711-1780 |
| 245 10 - • TITULO PROPIAMENTE DICHO | |
| Título | La bella y la bestia / |
| Mención de responsabilidad, etc. | Jeanne-Marie Leprince de Beaumont ; traductora, Anita Gómez de Cárdenas ; editor, Iván Hernández ; ilustrador, Daniel Gómez |
| 300 ## - • DESCRIPCIÓN FÍSICA | |
| Extensión | 31 páginas |
| Otras características físicas | ilustraciones en color ; 27 cm |
| 490 ## - • MENCIÓN DE SERIE | |
| Mención de serie | Leer es mi cuento |
| Designación de volumen o secuencia | 22 |
| 500 ## - • NOTA GENERAL | |
| Nota general | Recomendado para niños a partir de 6 años |
| 520 ## - • NOTA DE RESUMEN | |
| Resumen, etc, | "Bella, la más joven de las tres ricas de un rico comerciante no sólo destaca por su belleza exterior sino también por su amabilidad y honestidad. En uno de los viajes que su padre realiza para tratar de recuperar parte su perdida fortuna, se topa con el castillo de la Bestia, un animalizado noble que sólo le deja huir a cambio de entregarle a la más bella de sus hijas. La Bella aceptará el pacto de su padre y marchará a vivir con el noble. Al principio la convivencia resulta imposible pero poco a poco, Bella conquistará, gracias a todas sus virtudes el corazón de la Bestia, superando la inicial hostilidad de este y descubriendo finalmente, la oculta belleza de la Bestia." |
| 650 14 - • PUNTO DE ACCESO ADICIONAL DE MATERIA - TÉRMINO DE MATERIA | |
| Término de materia o nombre geográfico como elemento inicial | Cuentos infantiles franceses |
| Subdivisión cronológica | Siglo XX |
| 650 14 - • PUNTO DE ACCESO ADICIONAL DE MATERIA - TÉRMINO DE MATERIA | |
| Término de materia o nombre geográfico como elemento inicial | Literatura infantil francesa |
| 650 14 - • PUNTO DE ACCESO ADICIONAL DE MATERIA - TÉRMINO DE MATERIA | |
| Término de materia o nombre geográfico como elemento inicial | Niñas en la literatura |
| 942 ## - ENTRADA DE ELEMENTOS AGREGADOS (KOHA) | |
| Fuente de clasificaión o esquema | Dewey Decimal Classification |
| Koha [por defecto] tipo de item | LIbro |
| Perdido | Fuente de clasificación o esquema | Estado Físico | No para préstamo | Forma de adquisición | Localización permanente | Localización actual | Fecha adquisición | Serie de enumeración / cronolog&íacute;a | Préstamos totales | Signatura completa | Código de barras | Fecha última consulta | Número de copia | Fecha del precio de reemplazo | Tipo de item de Koha | Renovaciones totales | Fecha último préstamo | Localización en estanterías | Note pública |
|---|---|---|---|---|---|---|---|---|---|---|---|---|---|---|---|---|---|---|---|
| Dewey Decimal Classification | Sala General | Biblioteca Barrio Emporio - Villavicencio | Biblioteca Barrio Emporio - Villavicencio | 12/04/2015 | Volumen. 1 | 11/jun/2009 | 813.2 P63 | 3728 | 05/20/2017 | Ej. 1 | 12/04/2015 | LIbro | ||||||||
| Colección Sala Infantil de Literatura Pocatil y Tilín | Biblioteca Pública Departamental Eduardo Carranza - Villavicencio | Biblioteca Pública Departamental Eduardo Carranza - Villavicencio | 05/06/2017 | C LEPbe | ECA25380 | 11/26/2024 | Ej.5 | 11/26/2024 | LIbro | Sala Infantil | 19193 | 24555 | ||||||||
| Colección Sala Infantil de Literatura Pocatil y Tilín | Biblioteca Pública Departamental Eduardo Carranza - Villavicencio | Biblioteca Pública Departamental Eduardo Carranza - Villavicencio | 05/06/2017 | C LEPbe | ECA25376 | 11/26/2024 | Ej.1 | 11/26/2024 | LIbro | Sala Infantil | 19193 | 24551 | ||||||||
| Colección Sala Infantil de Literatura Pocatil y Tilín | Biblioteca Pública Departamental Eduardo Carranza - Villavicencio | Biblioteca Pública Departamental Eduardo Carranza - Villavicencio | 05/06/2017 | C LEPbe | ECA25377 | 11/26/2024 | Ej.2 | 11/26/2024 | LIbro | Sala Infantil | 19193 | 24552 | ||||||||
| Colección Sala Infantil de Literatura Pocatil y Tilín | Biblioteca Pública Departamental Eduardo Carranza - Villavicencio | Biblioteca Pública Departamental Eduardo Carranza - Villavicencio | 05/06/2017 | C LEPbe | ECA25378 | 11/26/2024 | Ej.3 | 11/26/2024 | LIbro | Sala Infantil | 19193 | 24553 | ||||||||
| Colección Sala Infantil de Literatura Pocatil y Tilín | Biblioteca Pública Departamental Eduardo Carranza - Villavicencio | Biblioteca Pública Departamental Eduardo Carranza - Villavicencio | 05/06/2017 | C LEPbe | ECA25379 | 11/26/2024 | Ej.4 | 11/26/2024 | LIbro | Sala Infantil | 19193 | 24554 | ||||||||
| Dewey Decimal Classification | Damaged | Sala General Segundo Piso | Biblioteca Pública Germán Arciniegas - Villavicencio | Biblioteca Pública Germán Arciniegas - Villavicencio | 12/04/2015 | Volumen. 1 | 11/jun/2009 | 1 | 813.2 P63 | 5393 | 12/09/2016 | Ej. 1 | 12/04/2015 | LIbro | 3 | 04/07/2016 |